Largest cities in each state - Statistics

General Stats
  • This quiz has been taken 26 times
  • The average score is 5 of 17
Answers on the Grid
Answers color-coded by a green-red scale on the quiz's grid according to % correct below.
Huntsville, AL
Anchorage, AK
Phoenix, AZ
Little Rock, AR
Los Angeles, CA
Denver, CO
Bridgeport, CT
Wilmington, DE
Jacksonville, FL
Atlanta, GA
Honolulu, HI
Boise, ID
Chicago, IL
Indianapolis, IN
Des Moines, IA
Wichita, KS
Louisville, KY
New Orleans, LA
Portland, MAINE
Baltimore, MD
Boston, MA
Detroit, MI
Minneapolis, MN
Jackson, MS
Kansas City, MO
Billings, MT
Omaha, NE
Las Vegas, NV
Manchester, NH
Newark, NJ
Albuquerque, NM
New York City, NY
Charlotte, NC
Fargo, ND
Columbus, Ohio
Oklahoma City, OK
Portland, OREGON
Philadelphia, PA
Providence, RI
Columbia, SC
Sioux Falls, SD
Nashville, TN
Houston, TX
Salt Lake City, UT
Burlington, VT
Virginia Beach, VA
Seattle, WA
Charleston, West Virginia
Madison, WI
Cheyenne, WY
 
Answer Stats
Answer % Correct
Phoenix, AZ
86%
Honolulu, HI
50%
Little Rock, AR
50%
Boise, ID
43%
Denver, CO
43%
Indianapolis, IN
43%
Atlanta, GA
36%
Boston, MA
29%
Des Moines, IA
29%
Jackson, MS
29%
Providence, RI
21%
Cheyenne, WY
14%
Nashville, TN
14%
Oklahoma City, OK
14%
Salt Lake City, UT
14%
Charleston, West Virginia
7%
Columbus, Ohio
7%
No matching quizzes found
Score Distribution
Percent of People with Each Score
Percentile by Number Answered
Your Score History
You have not taken this quiz